<?xml version="1.0" encoding="UTF-8"?><?xml-stylesheet type="text/xsl" href="static/style.xsl"?><OAI-PMH xmlns="http://www.openarchives.org/OAI/2.0/" xmlns:xsi="http://www.w3.org/2001/XMLSchema-instance" xsi:schemaLocation="http://www.openarchives.org/OAI/2.0/ http://www.openarchives.org/OAI/2.0/OAI-PMH.xsd"><responseDate>2026-04-18T07:36:50Z</responseDate><request verb="GetRecord" identifier="oai:riubu.ubu.es:10259/10206" metadataPrefix="marc">https://riubu.ubu.es/oai/request</request><GetRecord><record><header><identifier>oai:riubu.ubu.es:10259/10206</identifier><datestamp>2025-02-12T01:05:28Z</datestamp><setSpec>com_10259_4707</setSpec><setSpec>com_10259_5086</setSpec><setSpec>com_10259_2604</setSpec><setSpec>col_10259_4708</setSpec></header><metadata><record xmlns="http://www.loc.gov/MARC21/slim" xmlns:doc="http://www.lyncode.com/xoai" xmlns:xsi="http://www.w3.org/2001/XMLSchema-instance" xmlns:dcterms="http://purl.org/dc/terms/" xsi:schemaLocation="http://www.loc.gov/MARC21/slim http://www.loc.gov/standards/marcxml/schema/MARC21slim.xsd">
<leader>00925njm 22002777a 4500</leader>
<datafield tag="042" ind1=" " ind2=" ">
<subfield code="a">dc</subfield>
</datafield>
<datafield tag="720" ind1=" " ind2=" ">
<subfield code="a">Hidalgo-Betanzos, Juan Maria</subfield>
<subfield code="e">author</subfield>
</datafield>
<datafield tag="720" ind1=" " ind2=" ">
<subfield code="a">Prol Godoy, Irati</subfield>
<subfield code="e">author</subfield>
</datafield>
<datafield tag="720" ind1=" " ind2=" ">
<subfield code="a">Terés Zubiaga, Jon</subfield>
<subfield code="e">author</subfield>
</datafield>
<datafield tag="720" ind1=" " ind2=" ">
<subfield code="a">Briones Llorente, Raúl</subfield>
<subfield code="e">author</subfield>
</datafield>
<datafield tag="720" ind1=" " ind2=" ">
<subfield code="a">Martín Garin, Alexander</subfield>
<subfield code="e">author</subfield>
</datafield>
<datafield tag="260" ind1=" " ind2=" ">
<subfield code="c">2025-01</subfield>
</datafield>
<datafield tag="520" ind1=" " ind2=" ">
<subfield code="a">Building energy renovations demand expertise from professionals to guide processes, including diagnostics, project planning, interventions, and maintenance. The emergence of open-access AI, like ChatGPT in November 2022, offers new possibilities for improving these processes by assisting or potentially replacing human experts. This study explores the effectiveness of ChatGPT in diagnosing energy renovation measures. Initial assessments involve basic queries to the AI, followed by the inclusion of additional data and secondary questions to gauge its full diagnostic potential. An existing building case from the literature is given to the AI to define the best energy renovation measures. Expert evaluations and comparisons with research-backed solutions assess the AI’s performance using different degrees of questioning details over 60 repetitions. The results indicate that ChatGPT can provide valuable insights and generate comprehensive lists of feasible measures and preliminary cost calculations and payback, but, in general, it lacks depth and quality without specialized input and preparation. A significant quality improvement was found between the tests with 2023 and 2024 AI versions. Open-access AI proves capable of enhancing renovation diagnostics but remains a complement rather than a replacement for building renovation expert judgment. This research underscores the potential of mainstream AI to democratize access to knowledge, albeit with limitations tied to its dependence on quality inputs and contextual expertise.</subfield>
</datafield>
<datafield tag="024" ind2=" " ind1="8">
<subfield code="a">http://hdl.handle.net/10259/10206</subfield>
</datafield>
<datafield tag="024" ind2=" " ind1="8">
<subfield code="a">10.3390/buildings15030421</subfield>
</datafield>
<datafield tag="024" ind2=" " ind1="8">
<subfield code="a">2075-5309</subfield>
</datafield>
<datafield ind1=" " ind2=" " tag="653">
<subfield code="a">Artificial intelligence</subfield>
</datafield>
<datafield ind1=" " ind2=" " tag="653">
<subfield code="a">Building energy renovation</subfield>
</datafield>
<datafield ind1=" " ind2=" " tag="653">
<subfield code="a">Decarbonization</subfield>
</datafield>
<datafield ind1=" " ind2=" " tag="653">
<subfield code="a">ChatGPT</subfield>
</datafield>
<datafield ind1=" " ind2=" " tag="653">
<subfield code="a">Renovation measures</subfield>
</datafield>
<datafield tag="245" ind1="0" ind2="0">
<subfield code="a">Can ChatGPT AI Replace or Contribute to Experts’ Diagnosis for Renovation Measures Identification?</subfield>
</datafield>
</record></metadata></record></GetRecord></OAI-PMH>